Julien Baker - Discography - Statistics

General Stats
  • This quiz has been taken 71 times
    63 since last reset
  • The average score is 32 of 50
Answer Stats
Hint Answer % Correct
2. Sprained Ankle
100%
3. Turn Out the Lights
96%
2. Appointments
84%
9. Go Home
84%
1. Blacktop
80%
10. Even
80%
4. Everybody Does
80%
8. Favor
76%
(B-Sides) Guthrie
76%
1. Hardline
76%
1. Over
76%
7. Rejoice
76%
6. Something
76%
5. Sour Breath
76%
11. Claws in Your Back
72%
(Single) Conversation Piece
72%
5. Crying Wolf
72%
3. Faith Healer
72%
5. Good News
72%
2. Heatwave
72%
(Single) Red Door
72%
8. Vessels
72%
12. Ziptie
72%
3. Brittle Boned
68%
8. Happy to Be Here
68%
7. Ringside
68%
6. Bloodshot
64%
9. Hurt Les
64%
(B-Sides) Mental Math
64%
10. Repeat
64%
4. Shadowboxing
64%
9. Song in E
64%
(Single) Tokyo
64%
(Single) Distant Solar Systems
60%
6. Televangelist
60%
(Manchester Orchestra) Bad Things To Such Good People
56%
7. Everything to Help You Sleep
56%
11. Highlight Reel
56%
4. Relative Fiction
56%
(Single) Funeral Pyre
52%
(Single) A Dreamer's Holiday
48%
(Medium Build) Yoke
48%
(B-Sides) Vanishing Point
44%
(Single) Sucker Punch
40%
(Single) Sugar in the Tank
40%
(Tiny Changes) The Modern Leper
36%
(Thomas Powers) Empty Voices
32%
(Calvin Lauber, others) Get Me Away From Here, I'm Dying
32%
(Wild Pink) Hold My Hand
20%
(Theme from Orphan Black) The Lengths
20%
No matching quizzes found
Score Distribution
Percent of People with Each Score
Percentile by Number Answered
Your Score History
You have not taken this quiz since the last reset